| 000 | 00954nam a2200229 a 4500 | ||
|---|---|---|---|
| 001 | 64723 | ||
| 003 | BD-RjUL | ||
| 005 | 20211209081337.0 | ||
| 008 | 170219s1961 ii ||||| |||| 00| 0 ben d | ||
| 020 | _c: IRs.5.00 | ||
| 035 | _a(BD-RjUL)64853 | ||
| 040 |
_aBD-RjUL _bben _cBD-RjUL |
||
| 041 | _aben | ||
| 082 |
_223 _a891.4409 _bMUR 1961 |
||
| 100 |
_aমুখোপাধ্যায়, অরুনকুমার _9126039 |
||
| 245 | 1 | 0 |
_a রবীন্দ্র - সমীক্ষা / _cঅরুনকুমার মুখোপাধ্যায় |
| 260 |
_aকলিকাতা : _bএ.মুখার্জী অ্যান্ড কোঃ প্রাঃ লিঃ, _c১৯৬১ |
||
| 300 |
_a১৪৬ পৃ. ; _c২১ সেমি. |
||
| 650 |
_aবাংলা সাহত্য _vইতিহাস ও সমালোচনা _9123606 |
||
| 650 |
_aBengali literature _vHistory and Criticism _9117436 |
||
| 942 |
_2ddc _cBK |
||
| 999 |
_c64723 _d64723 |
||